| 000 | 00700nas a2200241 4500 | ||
|---|---|---|---|
| 001 | BR0300829 | ||
| 003 | BR-BrBNA | ||
| 005 | 20231205103601.0 | ||
| 007 | ta | ||
| 008 | 230509b bl.|||p| |||| 00| 00por d | ||
| 040 |
_aBR-BrBNA _bpor _cBiblioteca Nacional de Agricultura |
||
| 041 | _a(Pt) | ||
| 072 | _aF70 | ||
| 100 | 1 | _aPrata, A.P. | |
| 245 | 1 | _aListagem florística das Cyperaceae do Estado de Roraima, Brasil | |
| 650 | _aTAXONOMIA VEGETAL | ||
| 650 | _aINVENTÁRIO FLORESTAL | ||
| 650 | _aRORAIMA | ||
| 650 | _aAMAZÔNIA | ||
| 773 | 0 |
_tHoehnea (Brazil) _xISSN 0073-2877 _g(Aug 2002), v. 29(2) p. 93-107 _wBR0300829 |
|
| 909 |
_a202311 _bLúcia _c55 _dLúcia Elande |
||
| 942 |
_2AGRIS _n0 _cANA |
||
| 999 |
_c173655 _d173655 |
||